| 000 | 00000nas 2200000zi 4500 |
| 001 | 9.949986 |
| 003 | CaOODSP |
| 005 | 20250410152012 |
| 006 | m o d f |
| 007 | cr cn |||||||| |
| 008 | 250410d19972002oncar p o f0 0fre|d |
| 040 | |aCaOODSP|bfre|erda|cCaOODSP |
| 043 | |an-cn--- |
| 086 | 1 |aNR1-1F-PDF |
| 110 | 2 |aConseil national de recherches Canada.|eauteur, |eorganisme de publication. |
| 245 | 10|aRapport annuel / |cCNRC = NRC. |
| 246 | 1 |iLes livraisons de 2000/2001-2001/2002 comportent le titre : |aRapport annuel du CNRC |
| 246 | 3 |iRapport annuel du Conseil national de recherches Canada |
| 264 | 1|a[Ottawa] : |bConseil national de recherches Canada = National Research Council of Canada, |c1997-2002. |
| 310 | |aAnnuel |
| 336 | |atexte|btxt|2rdacontent/fre |
| 337 | |ainformatique|bc|2rdamedia/fre |
| 338 | |aressource en ligne|bcr|2rdacarrier/fre |
| 362 | 1 |aParaît depuis : 1996/1997; ne paraît plus après : 2001/2002. |
| 588 | |aDescription d'après : 1998/1999; titre de la page couverture du fichier PDF. |
| 588 | |aDernière livraison consultée : 2001/2002. |
| 610 | 26|aConseil national de recherches Canada|vPériodiques. |
| 650 | 6|aRecherche|zCanada|vPériodiques. |
| 650 | 6|aRecherche industrielle|zCanada|vPériodiques. |
| 655 | 7|aPériodiques|2rvmgf |
| 775 | 08|tAnnual report / |w(CaOODSP)9.949977 |
| 780 | 00|tReport to Parliament / |w(CaOODSP)9.949960 |
| 785 | 00|tNational Research Council Canada review : |w(CaOODSP)9.950010 |